00803cam a2200193 a 4500020001500000020001800015040000800033082002600041245010600067260007100173300004100244500002100285500006300306650001400369710005200383942001000435999001700445952014700462 a9290580356 a9789290580355 cDLC00a633 JOH 1991 C162 Or.00aMungbean :bproceedings of the second international symposium, Bangkok, Thailand, 16-20 November 1987 aTaipei :bAsian Vegetable Research and Development Center,c[1988] axviii, 730 p. :bill., maps ;c26 cm a"December 1988." aProceedings of: Second International Symposium on Mungbean 0aMung bean2 aAsian Vegetable Research and Development Center cAEDBB c19297d19297 0010406633_000000000000000_JOH_1991_C162_OR70984580aLBCbLBCcC182d2020-09-07eA33968o633 JOH 1991 C162 Or.r2020-09-07w2020-09-07yEK